Estudio a nivel de prefactibilidad del proyecto de agua potable y saneamiento en la comunidad San Nicolás en el municipio del Sauce, León
El presente documento muestra el estudio de prefactibilidad del sistema de abastecimiento de agua potable y saneamiento en la comunidad de San Incola en el municipio del Sauce, León, lo que se retoma como criterio principal la viabilidad y sostenibilidad ya que el sistema quedará a cargo de la loc...
| Main Authors: | , , |
|---|---|
| Other Authors: | |
| Format: | Tesis Section = Libro |
| Language: | Undetermined Spanish |
| Published: |
Managua
UNI
2013
|
| Subjects: |
| LEADER | 01287nam a2200289Ia 4500 | ||
|---|---|---|---|
| 008 | 240830s9999 xx 000 0 und d | ||
| 040 | |a BIBLIOTECA-RUPAP Mon 628.1 S162 | ||
| 041 | |a spa | ||
| 082 | |a Mon 628.1 S162 | ||
| 100 | 1 | |a Saldaña Ruiz, Jairo | |
| 100 | 1 | |b Cruz Rodríguez, Gerardo Noé | |
| 100 | 1 | |c Mendoza Meza, Elvis José | |
| 245 | 1 | 0 | |a Estudio a nivel de prefactibilidad del proyecto de agua potable y saneamiento en la comunidad San Nicolás en el municipio del Sauce, León |
| 260 | |a Managua |b UNI |c 2013 | ||
| 300 | |a 175 p. :il. | ||
| 500 | |a Contiene: anexos. | ||
| 502 | |a Tesis (Ingeniero Civil)- UNI, 2013. | ||
| 520 | 3 | |a El presente documento muestra el estudio de prefactibilidad del sistema de abastecimiento de agua potable y saneamiento en la comunidad de San Incola en el municipio del Sauce, León, lo que se retoma como criterio principal la viabilidad y sostenibilidad ya que el sistema quedará a cargo de la localidad. | |
| 650 | 7 | |a AGUA POTABLE - SANEAMIENTO | |
| 650 | 7 | |b ABASTECIMIENTO DE AGUA | |
| 650 | 7 | |c ESTUDIO DE PREFACTIBILIDAD - PROYECTO | |
| 650 | 7 | |d INGENIERÍA SANITARIA | |
| 650 | 7 | |e CALIDAD DEL AGUA - CONTROL | |
| 700 | 1 | |a Tutor: |b Fajardo González, Ricardo Javier | |
| 942 | |c BK |2 ddc | ||
| 991 | |a TESIS | ||
| 999 | |c 16240 | ||